| 000 | 00988nas a2200337 4500 | ||
|---|---|---|---|
| 001 | BR0401921 | ||
| 003 | BR-BrBNA | ||
| 005 | 20231205104448.0 | ||
| 007 | ta | ||
| 008 | 230509b bl.|||p| |||| 00| 00por d | ||
| 040 |
_aBR-BrBNA _bpor _cBiblioteca Nacional de Agricultura |
||
| 041 | _a(Pt) | ||
| 072 | _aH20 | ||
| 100 | 1 | _aVerzignassi, J.R. | |
| 100 | 1 | _aKurozawa, C. | |
| 100 | 1 | _aTokeshi, H. | |
| 100 | 1 | _aVillas-Bôas, R.L. | |
| 245 | 1 | _aEfeito dos microrganismos eficazes no controle da mancha púrpura do alho (Alternaria porri) | |
| 650 | _aALHO | ||
| 650 | _aALTERNARIA PORRI | ||
| 650 | _aMANCHA PÚRPURA | ||
| 650 | _aMICRORGANISMO | ||
| 650 | _aVARIEDADE | ||
| 650 | _aCONTROLE BIOLÓGICO | ||
| 650 | _aCULTURA IN VITRO | ||
| 650 | _aTRATAMENTO | ||
| 650 | _aBACTÉRIA | ||
| 773 | 0 |
_tSumma Phytopathologica (Brazil) _xISSN 0100-5405 _g(Oct-Dec 2003), v. 29(4) p. 301-308 _wBR0401921 |
|
| 909 |
_a202311 _bLúcia _c55 _dLúcia Elande |
||
| 942 |
_2AGRIS _n0 _cANA |
||
| 999 |
_c178258 _d178258 |
||